000 00197nam a2200097Ia 4500
008 240331s9999 xx 000 0 und d
082 _bJAY
100 _aJayakody,J
245 0 _aNuraginna
942 _cL
999 _c5346
_d5346